Álgebra lineal y sus aplicaciones / (Record no. 21394)

000 -CABECERA
fixed length control field 00721nam a22002057a 4500
003 - IDENTIFICADOR DEL NÚMERO DE CONTROL
control field AR-CdUCM
008 - DATOS DE LONGITUD FIJA--INFORMACIÓN GENERAL
fixed length control field 190321b ||||| |||| 00| 0 spa d
020 ## - NÚMERO INTERNACIONAL ESTÁNDAR DEL LIBRO
ISBN 9786073237451
040 ## - FUENTE DE LA CATALOGACIÓN
Agencia/entidad que catalogó originalmente la obra MUNICIPALIDAD PROVINCIAL DEL CUSCO
Entidad que transcribió la catalogación BIBLIOTECA MUNICIPAL DEL CUSCO
082 ## - NÚMERO DE LA CLASIFICACIÓN DECIMAL DEWEY
No. de Clasificación 512.7/L31
Notacion interna L31
No. de la edición Quinta
100 ## - ENTRADA PRINCIPAL--NOMBRE DE PERSONA
Nombre Personal Lay, David C
245 ## - MENCIÓN DE TÍTULO
Título Álgebra lineal y sus aplicaciones /
260 ## - PUBLICACIÓN, DISTRIBUCIÓN, ETC.
Lugar de publicación, distribución, etc. México ;
Nombre de la editorial, distribuidor, etc. Pearson,
Fecha de publicación, distribución, etc. 2016.
300 ## - DESCRIPCIÓN FÍSICA
Nº de Páginas Extensión 576 Páginas. :
Dimensiones 21x27 cm.
505 ## - NOTA DE CONTENIDO CON FORMATO
Nota de contenido formateada Contenido: Ecuaciones lineales en álgebra lineal -- Álgebra de matrices -- Determinantes -- Valores propios y vectores propios ...
650 ## - PUNTO DE ACCESO ADICIONAL DE MATERIA--TÉRMINO DE MATERIA
Descriptor Álgebra
9 (RLIN) 19778
650 ## - PUNTO DE ACCESO ADICIONAL DE MATERIA--TÉRMINO DE MATERIA
Descriptor Matemáticas
9 (RLIN) 9398
942 ## - ELEMENTOS DE PUNTO DE ACCESO ADICIONAL (KOHA)
Fuente de clasificación
Tipo de item Libros-BMC
945 ## - PROCESAMIENTO DE INFORMACIÓN LOCAL (OCLC)
Catalogador Roel
Holdings
Estado de retiro (separado) Fuente de clasificación o esquema de estanterías Estado dañado Ubicación Sala donde se ubica Nombre de la colección Fecha de adquisición o compra Fuente de adquisición Costo, precio normal en soles Signatura topográfica Código de Barras Última vez visto (Koha) Tipo de ítem (Koha)
No     Sala Ciencias Sala Ciencias Book Cart 2020-03-09 Compra 50.00 512.7/L31 SC0000002231 2020-03-09 Libros-BMC
No     Sala Ciencias Sala Ciencias Book Cart 2020-03-09 Compra 50.00 512.7/L31/e.2 SC0000002232 2020-03-09 Libros-BMC

Powered by Koha